Science Quiz

Random Science or Numbers Quiz

Two Minute Math: LCM Quiz Stats

 Plays Quiz Updated Dec 22, 2011

Challenge
Share
Tweet
Embed
Score 0/36 Timer 02:00
1 Play Today
Numbers LCM % Correct
4,612
56.2%
10,630
55%
4,312
54.6%
10,420
54.1%
8,1188
53.9%
5,945
53.9%
3,6,918
53.7%
2,4,1020
53.1%
9,618
53.1%
4,2020
52.9%
7,4,228
52.9%
10,510
52.5%
25,525
52.1%
2,4,520
51.7%
3,6,824
51.6%
2,3,412
50.8%
8,972
49.7%
16,816
49.5%
Numbers LCM % Correct
20,660
49.3%
3,5,1030
49.2%
6,1530
48.4%
5,4,360
47.2%
24,1648
45.8%
9,1236
45.4%
14,570
45.3%
5,15,2575
45.2%
14,428
44.5%
16,580
44.2%
16,648
44.1%
18,436
43.7%
16,1248
43.4%
13,565
42.4%
15,945
40.8%
20,1680
40%
14,856
37.5%
24,972
33.9%

You're not logged in!

Compare scores with friends on all Sporcle quizzes.
Join for Free
OR
Log In

You Might Also Like...

Show Comments

Extras

Top Quizzes Today


Score Distribution

Your Account Isn't Verified!

In order to create a playlist on Sporcle, you need to verify the email address you used during registration. Go to your Sporcle Settings to finish the process.

Report this User

Report this user for behavior that violates our Community Guidelines.

Details: